Planning your financial future (Record no. 2512)

000 -LEADER
fixed length control field 00646nam a22002297a 4500
003 - CONTROL NUMBER IDENTIFIER
control field OSt
005 - DATE AND TIME OF LATEST TRANSACTION
control field 20210713071719.0
008 - FIXED-LENGTH DATA ELEMENTS--GENERAL INFORMATION
fixed length control field 210713b ||||| |||| 00| 0 eng d
020 ## - INTERNATIONAL STANDARD BOOK NUMBER
International Standard Book Number 9780176056308
040 ## - CATALOGING SOURCE
Transcribing agency ALUPE UNIVERSITY
050 ## - LIBRARY OF CONGRESS CALL NUMBER
Classification number HG179
Item number .C582 1997
100 ## - MAIN ENTRY--PERSONAL NAME
Personal name Anne Chun
245 ## - TITLE STATEMENT
Title Planning your financial future
Remainder of title a guide for Canadians
250 ## - EDITION STATEMENT
Edition statement eBook
260 ## - PUBLICATION, DISTRIBUTION, ETC.
Place of publication, distribution, etc. Toronto
Name of publisher, distributor, etc. ITP Nelson
Date of publication, distribution, etc. c1997
300 ## - PHYSICAL DESCRIPTION
Extent 261p
650 ## - SUBJECT ADDED ENTRY--TOPICAL TERM
Source of heading or term Finance, Personal -- Canada. .
650 ## - SUBJECT ADDED ENTRY--TOPICAL TERM
Source of heading or term Finances personnelles -- Canada
650 ## - SUBJECT ADDED ENTRY--TOPICAL TERM
Source of heading or term Finance, Personal.
700 ## - ADDED ENTRY--PERSONAL NAME
Personal name Patricia Jermey
942 ## - ADDED ENTRY ELEMENTS (KOHA)
Source of classification or shelving scheme
Koha item type Book
Suppress in OPAC DO
Holdings
Withdrawn status Lost status Source of classification or shelving scheme Damaged status Not for loan Permanent Location Current Location Shelving location Date acquired Total Checkouts Full call number Barcode Date last seen Price effective from Koha item type Public note
          AU LIBRARY AU LIBRARY Open Shelf 13.07.2021   HG179 .C582 1997 28000246 13.07.2021 13.07.2021 Book DO

Powered by Koha